| 000 | 00927nam a22002417a 4500 | ||
|---|---|---|---|
| 003 | OSt | ||
| 005 | 20250515092535.0 | ||
| 008 | 241113b |||||||| |||| 00| 0 eng d | ||
| 040 | _c0 | ||
| 082 | _aDPer 647.94068 In821 August-October 2019 | ||
| 100 |
_aStankov, Ugljesa. _eauthor. _964088 |
||
| 245 |
_aCalm ict design in hotels : _ba critical review of applications and implication / _cUgljesa Stankov, Viachaslau Filimonau, Iva Sliver. |
||
| 260 |
_aAmsterdam ; _bElsevier, _cSeptember 2019. |
||
| 300 |
_aVolume 66, pages 298-307, _billustration. |
||
| 500 | _aInternational Journal of Hospitality Management, v. 81, pages 298-307, August 2019. | ||
| 650 | 0 |
_aTechnology. _966669 |
|
| 650 | 0 |
_aGuest experience. _966670 |
|
| 650 | 0 |
_aHotel. _966671 |
|
| 700 |
_aStankov, Ugljesa. _eauthor. _964088 |
||
| 700 |
_aFilimonau, Viachaslau. _eauthor. _966793 |
||
| 700 |
_aSliver, Iva. _eauthor. _966794 |
||
| 942 |
_2ddc _cPER |
||
| 999 |
_c23206 _d23206 |
||